Psychologie Analytique - Statistiques

Statistiques générales
  • Ce quiz a été pris 55 fois
  • Le résultat moyen est 3 sur 9
Statistiques - réponses
nombre Réponses % Correct
9 déni
83%
1 refoulement
78%
7 projection
45%
2 sublimation
40%
3 déplacement
30%
8 délire
8%
4 conversion/somatisation
5%
5 formations réactionnelles
3%
6 ritualisation
3%
Aucun quiz correspondant
Distribution des résultats
% des personnes avec chaque résultat
Percentile par nombre de réponses
Votre historique - résultats
Vous n’avez pas pris ce quiz